[Event "Viking op"]
[Site "Aaland-Stockholm"]
[Date "1997.??.??"]
[Round "?"]
[White "Ulibin, Mikhail"]
[Black "Gretarsson, Helgi Ass"]
[Result "1-0"]
[WhiteElo "2535"]
[BlackElo "2475"]
[PlyCount "43"]
[EventDate "1997.08.??"]
[EventType "swiss"]
[EventRounds "9"]
[EventCountry "SWE"]
[Source "Fruth,M"]
[SourceDate "2003.05.15"]

1. e4 e5 2. Nf3 Nc6 3. Bb5 Bc5 4. c3 Nge7 5. O-O Bb6 6. d4 exd4 7. cxd4 d5 8.
exd5 Nxd5 9. Re1+ Be6 10. Bg5 Qd6 11. Nbd2 h6 12. Ne4 Qb4 13. Bxc6+ bxc6 14.
Qc1 hxg5 15. Qxc6+ Ke7 16. a3 Qxb2 17. Nexg5 Nf4 18. Qe4 Ne2+ 19. Qxe2 Qxe2 20.
Rxe2 Rad8 21. Rae1 Rd6 22. Ne5 1-0

[Event "Serbian-ch 29"]
[Site "Sabac"]
[Date "1998.05.02"]
[Round "13"]
[White "Markovic, Miroslav"]
[Black "Kogan, Artur"]
[Result "1/2-1/2"]
[WhiteElo "2540"]
[BlackElo "2505"]
[PlyCount "89"]
[EventDate "1998.04.20"]
[EventType "tourn"]
[EventRounds "13"]
[EventCountry "YUG"]
[EventCategory "9"]
[Source "Fruth,M"]
[SourceDate "2003.05.15"]

1. e4 e5 2. Nf3 Nc6 3. Bb5 Bc5 4. c3 Nge7 5. O-O Bb6 6. d3 O-O 7. Na3 d5 8. h3
Ng6 9. exd5 Qxd5 10. Bc4 Qd7 11. Ng5 h6 12. Ne4 Qe7 13. Qh5 Nf4 14. Bxf4 exf4
15. Rae1 Na5 16. d4 Nxc4 17. Nxc4 Be6 18. d5 Bd7 19. Ned2 Qf6 20. Re5 Rfe8 21.
Rfe1 Qg6 22. Qf3 Qg3 23. Rxe8+ Bxe8 24. Nxb6 Qxf3 25. Nxf3 axb6 26. Re7 Rc8 27.
d6 cxd6 28. Rxb7 b5 29. Nd4 Rc5 30. Kf1 Re5 31. Rb6 Rd5 32. Ke2 Kf8 33. Kf3 g5
34. Ke4 Re5+ 35. Kd3 Ke7 36. b4 f5 37. a3 g4 38. h4 h5 39. Kd2 f3 40. gxf3 f4
41. Ne2 Rd5+ 42. Ke1 Re5 43. Kd2 Rd5+ 44. Nd4 Re5 45. Ne2 1/2-1/2

[Event "Magistral Algarve IT"]
[Site "Vila Real de Santo Antonio"]
[Date "1998.06.26"]
[Round "8"]
[White "Arizmendi Martinez, Julen Luis"]
[Black "Campora, Daniel H"]
[Result "0-1"]
[WhiteElo "2480"]
[BlackElo "2520"]
[PlyCount "104"]
[EventDate "1998.06.??"]
[EventType "tourn"]
[EventRounds "9"]
[EventCountry "POR"]
[EventCategory "9"]
[Source "Fruth,M"]
[SourceDate "2003.05.15"]

1. e4 e5 2. Nf3 Nc6 3. Bb5 Bc5 4. c3 Qf6 5. d4 Bb6 6. O-O exd4 7. e5 Qf5 8.
Nxd4 Nxd4 9. cxd4 Ne7 10. Nc3 h5 11. Be3 h4 12. g4 Qg6 13. d5 Bxe3 14. fxe3 Qg5
15. Qf3 O-O 16. Qf4 Qxf4 17. exf4 d6 18. exd6 cxd6 19. Rae1 Ng6 20. h3 f5 21.
Be8 Kh7 22. g5 a6 23. Bxg6+ Kxg6 24. Re7 b5 25. Rfe1 Rf7 26. Re8 Rc7 27. Rd8
Bb7 28. Rxd6+ Kh7 29. a3 Rf8 30. Re5 Rc4 31. Re7 Bc8 32. Rh6+ Kg8 33. Rxh4 b4
34. axb4 Rxb4 35. Ne2 Rxb2 36. Ng3 a5 37. d6 Rb7 38. Rxb7 Bxb7 39. g6 Bc8 40.
Rh5 a4 41. Ne2 a3 42. Nc3 Be6 43. Rg5 Rd8 44. Rg2 Rxd6 45. h4 Kf8 46. h5 Rd3
47. Rc2 Bb3 48. Rc1 a2 49. Nxa2 Bxa2 50. Rc8+ Ke7 51. Kf2 Rh3 52. Rh8 Bd5 0-1

[Event "Ljubljana op 10"]
[Site "Ljubljana"]
[Date "1999.07.01"]
[Round "7"]
[White "Sax, Gyula"]
[Black "Kogan, Artur"]
[Result "1/2-1/2"]
[WhiteElo "2524"]
[BlackElo "2507"]
[PlyCount "130"]
[EventDate "1999.06.??"]
[EventType "swiss"]
[EventRounds "9"]
[EventCountry "SLO"]
[Source "Fruth,M"]
[SourceDate "2003.05.15"]

1. e4 e5 2. Nf3 Nc6 3. Bb5 Bc5 4. c3 Nge7 5. O-O Bb6 6. d4 exd4 7. cxd4 d5 8.
exd5 Nxd5 9. Re1+ Be6 10. Bg5 Qd6 11. Nbd2 Qb4 12. Bxc6+ bxc6 13. Qc2 O-O 14.
Nc4 Qb5 15. Na3 Nb4 16. Qd2 Qa4 17. Be7 Ba5 18. Bxf8 Rxf8 19. Qd1 Qxd1 20.
Rexd1 Bxa2 21. Nc2 Nxc2 22. Rxa2 Bb6 23. Ra4 a5 24. Rc4 Nb4 25. Ne5 Re8 26. Kf1
Re6 27. Rdc1 Kf8 28. Nxc6 Nd3 29. Rb1 Rf6 30. f3 Rf5 31. g3 Rh5 32. h4 g5 33.
Ke2 Nb4 34. Nxb4 axb4 35. Rxb4 gxh4 36. Rh1 h3 37. g4 Rh6 38. f4 h2 39. Kf3
Rh3+ 40. Kg2 Rd3 41. Rxh2 Rd2+ 42. Kg3 Rd3+ 43. Kh4 Bxd4 44. g5 Bc5 45. Rc4 Bd6
46. Kg4 Kg7 47. Rh3 Rd2 48. b3 Rg2+ 49. Kf5 Rf2 50. Rd3 Rh2 51. b4 Rb2 52. Rdd4
Rb1 53. Rc6 Rb2 54. Rcc4 Rb1 55. Ke4 Kg6 56. Kd5 f6 57. gxf6 Kxf6 58. Kc6 h5
59. b5 h4 60. f5 h3 61. Rxd6+ cxd6 62. Rh4 Rb3 63. b6 Kg5 64. Rh8 Kxf5 65. b7
Kg4 1/2-1/2

[Event "Metz 18 op"]
[Site "Metz"]
[Date "2000.??.??"]
[Round "8"]
[White "Stanojoski, Zvonko"]
[Black "Safin, Shukhrat"]
[Result "1/2-1/2"]
[WhiteElo "2485"]
[BlackElo "2510"]
[PlyCount "127"]
[EventDate "2000.04.15"]
[EventType "swiss"]
[EventRounds "9"]
[EventCountry "FRA"]
[Source "Fruth,M"]
[SourceDate "2003.05.15"]

1. e4 e5 2. Nf3 Nc6 3. Bb5 Bc5 4. c3 Qf6 5. Bxc6 dxc6 6. d4 exd4 7. cxd4 Bb6 8.
d5 cxd5 9. Nc3 Qg6 10. exd5 Ne7 11. O-O O-O 12. Re1 Nf5 13. Qa4 Nd6 14. Be3 Bf5
15. Bxb6 axb6 16. Qf4 Qg4 17. Qxg4 Bxg4 18. Ne5 Bf5 19. Nf3 Rfe8 20. Nd4 Bd7
21. Rxe8+ Bxe8 22. Rc1 Kf8 23. a3 Bd7 24. Nce2 Ne8 25. Nc2 Ke7 26. Ne3 Kd8 27.
g4 Nd6 28. f3 Ra4 29. Kf2 b5 30. Nc3 Rd4 31. Rd1 Rxd1 32. Ncxd1 g5 33. Ke2 Ke7
34. Kd3 c5 35. Nf2 b6 36. Ne4 Nxe4 37. Kxe4 Kd6 38. Nf1 Bc8 39. Ng3 f6 40. Nh5
Ke7 41. Ng7 Kd6 42. Nh5 Ke7 43. h3 Bd7 44. f4 h6 45. f5 Be8 46. d6+ Kxd6 47.
Nxf6 Bc6+ 48. Ke3 Ke5 49. Ng8 Bd5 50. Nxh6 Kf6 51. h4 b4 52. axb4 cxb4 53.
hxg5+ Kxg5 54. Kd4 Ba2 55. Ke5 Bb3 56. Kd6 Kxh6 57. Kc6 Bf7 58. Kxb6 b3 59. Kc5
Kg5 60. Kd4 Kxg4 61. Kc3 Kxf5 62. Kd2 Ke5 63. Kc1 Bg6 64. Kd2 1/2-1/2

[Event "BRA-ch 67"]
[Site "Terezina"]
[Date "2000.??.??"]
[Round "4"]
[White "Vescovi, Giovanni P"]
[Black "Lima, Darcy"]
[Result "1/2-1/2"]
[WhiteElo "2536"]
[BlackElo "2544"]
[PlyCount "23"]
[EventDate "2000.12.09"]
[EventType "swiss"]
[EventRounds "7"]
[EventCountry "BRA"]
[Source "Fruth,M"]
[SourceDate "2003.05.15"]

1. e4 e5 2. Nf3 Nc6 3. Bb5 Bc5 4. c3 Bb6 5. O-O Nge7 6. d4 exd4 7. Nxd4 Nxd4 8.
cxd4 c6 9. Bc4 d5 10. exd5 Nxd5 11. Nc3 O-O 12. Nxd5 {Empate} 1/2-1/2

[Event "Krasnodar IT"]
[Site "Krasnodar"]
[Date "2001.??.??"]
[Round "?"]
[White "Brodsky, Michail"]
[Black "Meister, Yakov"]
[Result "1/2-1/2"]
[WhiteElo "2527"]
[BlackElo "2473"]
[PlyCount "27"]
[EventDate "2001.??.??"]
[EventType "tourn"]
[EventRounds "11"]
[EventCountry "RUS"]
[EventCategory "9"]
[Source "Fruth,M"]
[SourceDate "2003.05.15"]

1. e4 e5 2. Nf3 Nc6 3. Bb5 Bc5 4. O-O Nd4 5. b4 Bxb4 6. Nxd4 exd4 7. Bb2 Bc5 8.
c3 c6 9. cxd4 Bb6 10. Ba4 Qh4 11. d3 Nf6 12. Nd2 d5 13. Nf3 Qh5 14. Qd2 1/2-1/2

[Event "SSDF Computer Matchs"]
[Site "SSDF"]
[Date "2002.10.31"]
[Round "15"]
[White "GROMIT 3.11.9"]
[Black "GAMBIT TIGER 2"]
[Result "0-1"]
[WhiteElo "2628"]
[BlackElo "2717"]
[PlyCount "94"]
[EventDate "2002.10.19"]
[EventType "match"]
[EventCountry "SWE"]
[Source "Fruth,M"]
[SourceDate "2003.05.15"]

1. e4 e5 2. Nf3 Nc6 3. Bb5 Bc5 4. O-O Nd4 5. Nxd4 Bxd4 6. c3 Bb6 7. d4 c6 8.
Ba4 d6 9. Na3 Nf6 10. Nc4 Nxe4 11. dxe5 d5 12. Nxb6 axb6 13. Bc2 O-O 14. Qh5
Qe7 15. Re1 Re8 16. a4 g6 17. Qh6 Bf5 18. f3 Nc5 19. Bxf5 gxf5 20. Bg5 Qf8 21.
Qh4 Qg7 22. Be7 h6 23. Re3 Kh7 24. Re2 Qg6 25. Bxc5 bxc5 26. Qf2 c4 27. Qb6 Re7
28. Qd4 Rg8 29. Rae1 Rg7 30. g3 Re6 31. a5 Qh5 32. Re3 Qh3 33. R1e2 h5 34. Rg2
Reg6 35. Ree2 h4 36. Qxh4+ Qxh4 37. gxh4 Rxg2+ 38. Rxg2 Rxg2+ 39. Kxg2 c5 40.
Kf2 Kh6 41. Ke3 Kh5 42. Kf4 d4 43. Kg3 d3 44. Kf2 f4 45. Ke1 Kxh4 46. Kd2 Kh3
47. b4 cxb3 0-1

[Event "Bled olm 35"]
[Site "Bled"]
[Date "2002.10.27"]
[Round "2"]
[White "Rozentalis, Eduardas"]
[Black "Adams, Michael"]
[Result "1/2-1/2"]
[WhiteElo "2563"]
[BlackElo "2745"]
[PlyCount "52"]
[EventDate "2002.10.26"]
[EventType "team"]
[EventRounds "14"]
[EventCountry "SLO"]
[Source "Fruth,M"]
[SourceDate "2003.05.15"]

1. e4 e5 2. Nf3 Nc6 3. Bb5 Bc5 4. O-O Nf6 5. d3 Nd4 6. Ba4 Qe7 7. c3 Nxf3+ 8.
Qxf3 c6 9. Bg5 d6 10. Nd2 h6 11. Bxf6 Qxf6 12. Qxf6 gxf6 13. b4 Bb6 14. Nc4 Ke7
15. Bb3 Be6 16. Nxb6 axb6 17. f4 Bxb3 18. axb3 exf4 19. Kf2 Ke6 20. Kf3 Rhg8
21. Kxf4 Rxa1 22. Rxa1 Rxg2 23. Ra7 Rb2 24. Rxb7 Rxb3 25. d4 Rxc3 26. b5 d5 {
With a draw offer.} 1/2-1/2

[Event "Sigeman & Co IT 11"]
[Site "Malmo"]
[Date "2003.05.06"]
[Round "7"]
[White "Hansen, Sune Berg"]
[Black "Hector, Jonny"]
[Result "1-0"]
[WhiteElo "2537"]
[BlackElo "2553"]
[PlyCount "67"]
[EventDate "2003.04.29"]
[EventType "tourn"]
[EventRounds "9"]
[EventCountry "SWE"]
[EventCategory "13"]
[Source "Fruth,M"]
[SourceDate "2003.05.15"]

1. e4 e5 2. Nf3 Nc6 3. Bb5 Bc5 4. c3 f5 5. d4 fxe4 6. Bxc6 dxc6 7. Nxe5 Qd5 8.
Qh5+ g6 9. Qe2 Bd6 10. Bf4 Nf6 11. Nd2 O-O 12. O-O c5 13. Ndc4 cxd4 14. cxd4
Be6 15. Rac1 b5 16. Nxd6 cxd6 17. Nc6 Rf7 18. Qd2 a5 19. Nxa5 Qxa2 20. Nc6 Bc4
21. Rfe1 Nd5 22. Bh6 Qa6 23. Nb4 Qb7 24. Nxd5 Qxd5 25. Rc3 Rfa7 26. h3 Ra1 27.
Rxa1 Rxa1+ 28. Kh2 Ra8 29. b3 Bxb3 30. Rc7 Qf5 31. Qb4 Bf7 32. Qxd6 b4 33. Rb7
Re8 34. Rb8 1-0

[Event "Corus reserve op"]
[Site "Wijk aan Zee"]
[Date "2001.01.18"]
[Round "3"]
[White "Brodsky, Michail"]
[Black "Li Shilong"]
[Result "0-1"]
[WhiteElo "2527"]
[BlackElo "2474"]
[PlyCount "92"]
[EventDate "2001.01.13"]
[EventType "swiss"]
[EventRounds "9"]
[EventCountry "NED"]
[Source "ChessBase"]
[SourceDate "2001.03.08"]

1. e4 e5 2. Nf3 Nc6 3. Bb5 Bc5 4. c3 Nf6 5. O-O O-O 6. d4 Bb6 7. Bg5 h6 8. Bh4
d6 9. Qd3 exd4 10. cxd4 g5 11. Bg3 d5 12. Bxc6 bxc6 13. Nc3 Nxe4 14. Nxe4 Bf5
15. Ne5 dxe4 16. Qc2 Qxd4 17. Nxc6 Qf6 18. Be5 Qe6 19. Qc3 f6 20. Bd4 Bg6 21.
Rfd1 Be8 22. Na5 Rd8 23. Nb7 Rxd4 24. Rxd4 Bxd4 25. Qxd4 Bg6 26. Nc5 Qd6 27.
Qc4+ Bf7 28. Qc2 Qc6 29. b4 Rd8 30. a3 f5 31. h3 Qd5 32. Rc1 Qd2 33. Qxd2 Rxd2
34. Na6 e3 35. fxe3 Bd5 36. Rxc7 Rxg2+ 37. Kf1 Ra2 38. Rxa7 Rxa3 39. Kf2 Ra2+
40. Kg1 Ra1+ 41. Kf2 Ra2+ 42. Kg1 g4 43. hxg4 fxg4 44. Rd7 Bf3 45. Rd6 Kh7 46.
Nc5 g3 0-1

[Event "Dieren op"]
[Site "Dieren"]
[Date "2002.07.16"]
[Round "7"]
[White "Meijers, Viesturs"]
[Black "Safin, Shukhrat"]
[Result "0-1"]
[WhiteElo "2475"]
[BlackElo "2525"]
[PlyCount "60"]
[EventDate "2002.07.09"]
[EventType "swiss"]
[EventRounds "9"]
[EventCountry "NED"]
[Source "ChessBase"]
[SourceDate "2002.09.10"]

1. e4 e5 2. Nf3 Nc6 3. Bb5 Bc5 4. c3 Qf6 5. O-O Nge7 6. d3 h6 7. Be3 Bb6 8.
Nbd2 O-O 9. Nc4 d6 10. d4 Bg4 11. Nxb6 axb6 12. Be2 Ng6 13. h3 Bc8 14. Nh2 Qe7
15. dxe5 dxe5 16. Bg4 Rd8 17. Qf3 Be6 18. a3 Na5 19. Rad1 Bb3 20. Rxd8+ Rxd8
21. Re1 Nc4 22. Bc1 Nd2 23. Qe3 Nf4 24. Be2 Bc4 25. Bxc4 Nxc4 26. Qg3 Rd1 27.
Kf1 Qd6 28. Bxf4 exf4 29. Qg4 Qd3+ 30. Qe2 Nd2+ 0-1

[Event "Albert m"]
[Site "Albert"]
[Date "2004.04.29"]
[Round "3"]
[White "Bacrot, Etienne"]
[Black "Sokolov, Ivan"]
[Result "1/2-1/2"]
[WhiteElo "2675"]
[BlackElo "2690"]
[PlyCount "42"]
[EventDate "2004.04.27"]
[EventType "match"]
[EventRounds "6"]
[EventCountry "FRA"]
[Source "ChessBase"]
[SourceDate "2004.07.27"]

1. e4 e5 2. Nf3 Nc6 3. Bb5 Bc5 4. c3 Nf6 5. O-O O-O 6. d4 Bb6 7. dxe5 Nxe4 8.
Qd5 Nc5 9. Bg5 Ne7 10. Qd1 Ne4 11. Bh4 d5 12. exd6 Nxd6 13. Bd3 Bf5 14. Na3 Re8
15. Nc4 Bxd3 16. Qxd3 Nxc4 17. Qxc4 Qd5 18. Qxd5 Nxd5 19. Rfd1 c6 20. Kf1 f6
21. Bg3 Rad8 1/2-1/2

[Event "Albert m"]
[Site "Albert"]
[Date "2004.05.01"]
[Round "5"]
[White "Bacrot, Etienne"]
[Black "Sokolov, Ivan"]
[Result "1-0"]
[WhiteElo "2675"]
[BlackElo "2690"]
[PlyCount "83"]
[EventDate "2004.04.27"]
[EventType "match"]
[EventRounds "6"]
[EventCountry "FRA"]
[Source "ChessBase"]
[SourceDate "2004.07.27"]

1. e4 e5 2. Nf3 Nc6 3. Bb5 Bc5 4. c3 Nf6 5. O-O O-O 6. d4 Bb6 7. Bg5 d6 8. Qd3
h6 9. Bh4 Qe7 10. Nbd2 Nb8 11. Rfe1 c6 12. Ba4 Bc7 13. Nf1 Nbd7 14. Ng3 g6 15.
Qd2 Kh7 16. h3 Rg8 17. Nf1 g5 18. Bg3 Nh5 19. Ne3 Ndf6 20. Bc2 g4 21. Nh4 gxh3
22. Nef5 Qf8 23. gxh3 Nf4 24. Kh2 N6h5 25. Bd1 Be6 26. Bg4 Re8 27. Qd1 Nf6 28.
Bxf4 exf4 29. Bf3 d5 30. e5 Nd7 31. Rg1 Rxg1 32. Qxg1 Bd8 33. Be2 Bxh4 34. Nxh4
Qe7 35. Bd3+ Kh8 36. Nf3 Rg8 37. Qc1 Bxh3 38. Qxf4 Qe6 39. Rg1 Rxg1 40. Nxg1
Bg4 41. f3 Bh5 42. Bf5 1-0

[Event "Calvia ol (Men)"]
[Site "Mallorca"]
[Date "2004.10.24"]
[Round "9"]
[White "Kotronias, Vasilios"]
[Black "Lima, Darcy"]
[Result "1/2-1/2"]
[WhiteElo "2599"]
[BlackElo "2533"]
[PlyCount "109"]
[EventDate "2004.10.15"]
[EventType "team"]
[EventRounds "14"]
[EventCountry "ESP"]
[Source "ChessBase"]
[SourceDate "2005.01.27"]

1. e4 e5 2. Nf3 Nc6 3. Bb5 Bc5 4. c3 Nf6 5. d4 Bb6 6. Nxe5 Nxe5 7. dxe5 Nxe4 8.
Qg4 Bxf2+ 9. Ke2 Qh4 10. Qxg7 Rf8 11. Nd2 Bc5 12. Nf3 Qf2+ 13. Kd1 Be7 14. Bd3
d5 15. exd6 Nxd6 16. Re1 Be6 17. Re2 Qb6 18. Bg5 Bxg5 19. Qxg5 Rd8 20. Kc2 Kd7
21. b4 Kc8 22. Nd4 Bc4 23. Bxc4 Nxc4 24. Qc5 Qxc5 25. bxc5 Rd5 26. c6 bxc6 27.
Nxc6 Kd7 28. Nb4 Re5 29. Rd1+ Ke6 30. Rxe5+ Nxe5 31. Na6 c6 32. Nc5+ Ke7 33.
Re1 f6 34. Nd3 Rg8 35. g3 Kd6 36. Nf4 Rb8 37. Re4 Rb7 38. Rd4+ Ke7 39. Ra4 Kd6
40. h3 Ng6 41. Rd4+ Ke7 42. Re4+ Ne5 43. Nd3 Kd6 44. Rd4+ Ke7 45. Rh4 Kd6 46.
Nf2 f5 47. Rh6+ Kd5 48. Rh5 Ke6 49. g4 fxg4 50. hxg4 Rg7 51. Kb3 Rb7+ 52. Kc2
Rg7 53. a4 Nxg4 54. Nxg4 Rxg4 55. Rxh7 1/2-1/2

[Event "POR-chT 48th"]
[Site "Evora"]
[Date "2006.07.27"]
[Round "6"]
[White "Perez Candelario, Manuel"]
[Black "Lima, Darcy"]
[Result "1/2-1/2"]
[WhiteElo "2509"]
[BlackElo "2482"]
[PlyCount "40"]
[EventDate "2006.07.22"]
[EventType "team"]
[EventRounds "9"]
[EventCountry "POR"]
[Source "ChessBase"]
[SourceDate "2006.09.14"]

1. e4 e5 2. Nf3 Nc6 3. Bb5 Bc5 4. c3 Bb6 5. O-O Nge7 6. d4 exd4 7. cxd4 d5 8.
exd5 Nxd5 9. Bg5 Qd6 10. Qe2+ Qe6 11. Qd2 O-O 12. Nc3 Qd6 13. Bh4 Be6 14. Bg3
Qd8 15. Rfe1 Nce7 16. Bh4 Qd6 17. Ne4 Qd8 18. Nc3 Qd6 19. Ne4 Qd8 20. Nc5 c6
1/2-1/2

[Event "24th ECC"]
[Site "Kallithea GRE"]
[Date "2008.10.23"]
[Round "7"]
[White "Balogh, C."]
[Black "Stocek, J."]
[Result "1/2-1/2"]
[WhiteElo "2616"]
[BlackElo "2578"]
[PlyCount "53"]
[EventDate "2008.10.17"]
[SourceDate "1999.07.01"]

1. e4 e5 2. Nf3 Nc6 3. Bb5 Bc5 4. c3 Bb6 5. O-O d6 6. d4 Bd7 7. Bg5 Nge7 8. Re1
f6 9. Be3 O-O 10. Nbd2 Kh8 11. a4 a6 12. Bd3 Ng6 13. Qb1 Nce7 14. b4 Qe8 15.
Qc2 Ba7 16. Nf1 Qf7 17. Ng3 Nf4 18. Bf1 h5 19. Nf5 Nxf5 20. exf5 g5 21. fxg6
Nxg6 22. Bc4 Qxc4 23. Qxg6 Qf7 24. Nh4 Qh7 25. f4 exf4 26. Bxf4 Rf7 27. a5
1/2-1/2

[Event "DMP Ekstraliga"]
[Site "Karpacz POL"]
[Date "2008.09.11"]
[Round "6"]
[White "Rozentalis, E."]
[Black "Heberla, B."]
[Result "1/2-1/2"]
[WhiteElo "2599"]
[BlackElo "2510"]
[PlyCount "67"]
[EventDate "2008.09.06"]
[SourceDate "1999.07.01"]

1. e4 e5 2. Nf3 Nc6 3. Bb5 Bc5 4. O-O d6 5. c3 Bd7 6. d4 Bb6 7. Na3 Nge7 8. Nc4
O-O 9. a4 exd4 10. cxd4 Bg4 11. d5 Ne5 12. Ncxe5 dxe5 13. a5 Bd4 14. a6 Rb8 15.
Be2 Bxf3 16. Bxf3 c6 17. Bg5 h6 18. Be3 Bxe3 19. fxe3 cxd5 20. exd5 Nf5 21. Qd3
Nd6 22. Qc3 Qe7 23. Qc5 b6 24. Qb4 f5 25. Rac1 Rbd8 26. Rc6 Rd7 27. g3 e4 28.
Bg2 Rfd8 29. Rfc1 Qe5 30. Bf1 Nf7 31. Rd1 Qc7 32. Re6 Qe5 33. Rc6 Qc7 34. Re6
1/2-1/2

[Event "Tectura Active"]
[Site "Horsholm DEN"]
[Date "2008.05.17"]
[Round "7"]
[White "Klimov, S."]
[Black "Hector, J."]
[Result "1-0"]
[WhiteElo "2484"]
[BlackElo "2532"]
[PlyCount "137"]
[EventDate "2008.05.17"]
[SourceDate "1999.07.01"]

1. e4 e5 2. Nf3 Nc6 3. Bb5 Bc5 4. c3 f5 5. d4 fxe4 6. dxc5 exf3 7. Qxf3 Nf6 8.
O-O O-O 9. Na3 Qe7 10. Be3 e4 11. Qe2 Ne5 12. Bd4 d6 13. cxd6 cxd6 14. Nc4 Bg4
15. Qe3 Nf3+ 16. gxf3 Bxf3 17. Qg5 a6 18. Nb6 axb5 19. Nxa8 h6 20. Qg6 Nh5 21.
Rfe1 Nf4 22. Qg3 Nh5 23. Qh3 Qg5+ 24. Kf1 Rxa8 25. Rxe4 Bxe4 26. Qe6+ Kh8 27.
Qxe4 Rf8 28. Re1 b4 29. Qe7 Qf5 30. Qxd6 bxc3 31. bxc3 Kh7 32. Qe6 Qd3+ 33. Kg1
Rf5 34. Qe4 Qxe4 35. Rxe4 Ra5 36. Re7 b5 37. Rb7 Kg6 38. Kg2 Nf4+ 39. Kf3 Ne6
40. Be3 Kf5 41. Rd7 Ke5 42. Rd2 Kf5 43. Rb2 Kf6 44. Bb6 Ra3 45. Rxb5 Rxc3+ 46.
Ke4 Ra3 47. Rb2 Ng5+ 48. Kd5 Rd3+ 49. Kc4 Ra3 50. Kb4 Ra8 51. a4 Nf3 52. a5 Ke6
53. Kb5 Kd5 54. Kb4 Nd4 55. Rb3 Nxb3 56. Kxb3 Ke4 57. Kc4 Kf3 58. Kb5 g5 59. a6
g4 60. a7 h5 61. Ka6 h4 62. Kb7 Rxa7+ 63. Kxa7 Kg2 64. Bd8 g3 65. fxg3 hxg3 66.
h4 Kf3 67. h5 g2 68. Bb6 Kg4 69. h6 1-0

[Event "IX EICC"]
[Site "Plovdiv BUL"]
[Date "2008.04.24"]
[Round "4"]
[White "Brkic, A."]
[Black "Hracek, Z."]
[Result "1/2-1/2"]
[WhiteElo "2521"]
[BlackElo "2613"]
[PlyCount "57"]
[EventDate "2008.04.21"]
[SourceDate "1999.07.01"]

1. e4 e5 2. Nf3 Nc6 3. Bb5 Bc5 4. c3 Nf6 5. O-O O-O 6. d4 Bb6 7. Bg5 d6 8. Qd3
h6 9. Bh4 Qe7 10. Nbd2 Nb8 11. Ba4 c6 12. Bb3 Nbd7 13. Rfe1 Re8 14. Nc4 Bc7 15.
Rad1 Qf8 16. Qc2 b5 17. Ne3 Bb7 18. dxe5 dxe5 19. Rd2 c5 20. Bxf6 Nxf6 21. Nd5
Bxd5 22. Bxd5 Rab8 23. a4 a6 24. axb5 axb5 25. b3 c4 26. bxc4 bxc4 27. Bxc4 Qc5
28. Qa2 Re7 29. h3 1/2-1/2

[Event "IX Dos Hermanas Internet"]
[Site "ICC INT"]
[Date "2008.04.04"]
[Round "2.1"]
[White "Vysochin, S."]
[Black "Godena, M."]
[Result "0-1"]
[WhiteElo "2521"]
[BlackElo "2528"]
[PlyCount "94"]
[EventDate "2008.04.04"]
[SourceDate "1999.07.01"]

1. e4 e5 2. Nf3 Nc6 3. Bb5 Bc5 4. O-O Qf6 5. d3 h6 6. Be3 Bb6 7. Nbd2 Nge7 8.
Nc4 O-O 9. Nxb6 axb6 10. Bc4 d6 11. h3 Na5 12. Bb3 Nxb3 13. axb3 Rxa1 14. Qxa1
Bxh3 15. Nh2 Qg6 16. g3 Bxf1 17. Nxf1 f5 18. Qa7 f4 19. Bd2 Qh5 20. Qxb7 fxg3
21. Nxg3 Qd1+ 22. Nf1 Qxc2 23. Be3 Ng6 24. Qd5+ Kh7 25. Ng3 Qd1+ 26. Kh2 Nh4
27. Qe6 Nf3+ 28. Kh3 Qg1 29. Qe7 Qh2+ 30. Kg4 Rf6 31. Nf5 Rg6+ 32. Bg5 Rxg5+
33. Kxf3 Qh5+ 34. Ke3 Rg6 35. Qxc7 Qg5+ 36. Ke2 Qg4+ 37. Kd2 Qf4+ 38. Ke2 Rg2
39. Qxb6 h5 40. Nxd6 h4 41. Nf5 h3 42. Ng3 Qxg3 43. Qc5 Qf4 44. Qe3 Qxe3+ 45.
Kxe3 h2 46. f3 h1=Q 47. b4 Qe1# 0-1

[Event "IX Dos Hermanas Internet"]
[Site "ICC INT"]
[Date "2008.04.05"]
[Round "3.1"]
[White "Kononenko, Dmitry1"]
[Black "Godena, M."]
[Result "0-1"]
[WhiteElo "2485"]
[BlackElo "2528"]
[PlyCount "146"]
[EventDate "2008.04.04"]
[SourceDate "1999.07.01"]

1. e4 e5 2. Nf3 Nc6 3. Bb5 Bc5 4. c3 Nf6 5. O-O O-O 6. d4 Bb6 7. Re1 d6 8. Bg5
h6 9. Bh4 exd4 10. Nxd4 Ne5 11. Nd2 Ng6 12. Bg3 c6 13. Bf1 Bg4 14. Qc2 Nh5 15.
Nc4 Bc7 16. f3 Nxg3 17. hxg3 Bd7 18. Ne3 Qg5 19. Ndf5 Bxf5 20. exf5 Bb6 21. Qf2
Rae8 22. f4 Qe7 23. fxg6 Bxe3 24. gxf7+ Rxf7 25. Rxe3 Qxe3 26. Qxe3 Rxe3 27.
Kf2 Rfe7 28. Rd1 d5 29. c4 dxc4 30. Rd8+ Re8 31. Bxc4+ Kf8 32. Rd7 R3e7 33. Rd2
Re4 34. Bb3 Ke7 35. Bc2 Rb4 36. b3 Rd8 37. Re2+ Kf8 38. Bg6 Rbd4 39. Kf3 R4d6
40. f5 Rd3+ 41. Kg4 Rd2 42. Re6 Rxg2 43. a4 Rgd2 44. a5 R2d4+ 45. Kh3 R4d6 46.
Re3 a6 47. Kh4 Rd4+ 48. Kh5 Rd3 49. Re6 Rxg3 50. b4 Rg5+ 51. Kh4 Rg1 52. Re4
Rgd1 53. Kg3 R1d3+ 54. Kf2 R3d4 55. Re6 Rxb4 56. Ke3 Rb5 57. Ke4 Rxa5 58. f6
gxf6 59. Rxf6+ Kg7 60. Re6 Rad5 61. Bf5 Rd4+ 62. Ke3 R4d6 63. Re7+ Kf6 64. Rxb7
Kxf5 65. Ra7 Rd3+ 66. Ke2 Rd2+ 67. Ke1 R8d7 68. Rxa6 Rh2 69. Rxc6 Ra7 70. Rc5+
Ke6 71. Rc6+ Kd5 72. Rc1 Raa2 73. Rd1+ Ke4 0-1

[Event "IX Dos Hermanas Internet"]
[Site "ICC INT"]
[Date "2008.04.05"]
[Round "3.3"]
[White "Kononenko, Dmitry1"]
[Black "Godena, M."]
[Result "1-0"]
[WhiteElo "2485"]
[BlackElo "2528"]
[PlyCount "47"]
[EventDate "2008.04.04"]
[SourceDate "1999.07.01"]

1. e4 e5 2. Nf3 Nc6 3. Bb5 Bc5 4. c3 Nf6 5. O-O O-O 6. d4 Bb6 7. Bg5 h6 8. Bh4
d6 9. a4 a5 10. Qd3 Qe7 11. Re1 Bg4 12. Nbd2 exd4 13. cxd4 Nb4 14. Qc3 g5 15.
Nxg5 hxg5 16. Bxg5 Qe6 17. d5 Nfxd5 18. exd5 Qf5 19. Ne4 Nxd5 20. Qg3 c6 21.
Bc4 Rae8 22. Bxd5 cxd5 23. Nf6+ Kh8 24. Qh4+ 1-0

[Event "Ugra Cup"]
[Site "Khantiy Mansiysk RUS"]
[Date "2008.10.15"]
[Round "1"]
[White "Kurnosov, I."]
[Black "Kabanov, N."]
[Result "1/2-1/2"]
[WhiteElo "2606"]
[BlackElo "2483"]
[PlyCount "73"]
[EventDate "2008.10.15"]
[SourceDate "1999.07.01"]

1. e4 e5 2. Nf3 Nc6 3. Bb5 Bc5 4. O-O Nd4 5. Nxd4 Bxd4 6. d3 c6 7. Ba4 Nf6 8.
Nd2 d6 9. c3 Bb6 10. Bb3 Bc7 11. Nc4 Be6 12. Qf3 Nd7 13. Qg3 Qf6 14. f4 Qg6 15.
Qf2 exf4 16. Bxf4 Ne5 17. Bxe5 dxe5 18. Qc5 Qg5 19. d4 Qe7 20. Qxe7+ Kxe7 21.
Nxe5 Bxe5 22. dxe5 Rad8 23. Rfd1 Bxb3 24. axb3 a6 25. Rd4 Rxd4 26. cxd4 Rd8 27.
Rd1 Ke6 28. b4 a5 29. bxa5 c5 30. d5+ Kxe5 31. Kf2 Ra8 32. d6 Kxe4 33. Re1+ Kd5
34. Re7 Kxd6 35. Rxf7 Kc6 36. Ke3 Rxa5 37. Kd3 1/2-1/2

[Event "Zvenigorodskaya Open A"]
[Site "Zvenigorod RUS"]
[Date "2008.09.29"]
[Round "7"]
[White "Deviatkin, A."]
[Black "Ponkratov, P."]
[Result "1-0"]
[WhiteElo "2567"]
[BlackElo "2530"]
[PlyCount "87"]
[EventDate "2008.09.25"]
[SourceDate "1999.07.01"]

1. e4 e5 2. Nf3 Nc6 3. Bb5 Bc5 4. Bxc6 bxc6 5. O-O Qe7 6. c3 Ba6 7. d3 Nf6 8.
b4 Bd6 9. a3 Qe6 10. c4 Be7 11. Qa4 Bb7 12. Qa5 d6 13. Qxc7 Qd7 14. Qxd7+ Nxd7
15. Nc3 f5 16. Bg5 fxe4 17. Bxe7 Kxe7 18. Nxe4 a5 19. Rfb1 axb4 20. axb4 Ba6
21. Ra3 Rhb8 22. h3 Bc8 23. Rxa8 Rxa8 24. d4 exd4 25. Nxd4 Ne5 26. c5 d5 27.
Nd6 Bd7 28. g4 g5 29. f4 Nd3 30. fxg5 Ra4 31. Rb3 Nxb4 32. Rf3 Na6 33. Rf7+ Kd8
34. N4f5 Nxc5 35. Rxh7 Ne6 36. g6 Ra1+ 37. Kf2 c5 38. g7 Nxg7 39. Rxg7 c4 40.
Nb7+ Kc8 41. Nc5 c3 42. Nd4 Ba4 43. Ra7 Ra2+ 44. Ke3 1-0